Statistieken voor Duitse Politieke Partijen

Klik hier om de quiz te nemen!

Algemene statistieken

  • Deze quiz is 8 keer genomen
  • De gemiddelde score is 7 van 12

Antwoordstatistieken

HintAntwoord% Correct
RadicaalrechtsAfD
86%
EcologischGRÜNE
86%
SociaaldemocratischSPD
86%
CentrumrechtsCDU
71%
Bovenstaande, alleen in BeierenCSU
71%
ExtreemlinksDie LINKE
71%
LiberaalFDP
71%
Afsplitsing van bovenstaande,
Links-Conservatief
BSW
29%
SatirischDie PARTEI
29%
Centrum, RegionaalFreie Wähler
29%
Extreemrechts, Neo-naziNPD / Die Heimat
29%
DierenrechtenTierschutzpartei
29%

Scoreverdeling

Percentiel versus Aantal Correcte Antwoorden

Procent van Mensen met Elke Score

Uw Scoregeschiedenis

U heeft deze quiz nog niet genomen